Ceny elektriny a plynu opäť rastú

Európske energetické trhy sú napäté a dramaticky reagujú na udalosti, ktoré ovplyvňujú ceny. Bombardovanie ukrajinskej energetickej infraštruktúry, napätie na Blízkom východe či nečakané výpadky v nórskej plynárenskej infraštruktúre, to všetko malo veľký vplyv na krátkodobé ceny. Bez takýchto vplyvo...

Celý popis

Uložené v:
Podrobná bibliografia
Hlavný autor: Pišta, Ján
Médium: Kapitola
Jazyk:Slovak
Predmet:
Tagy: Pridať tag
Žiadne tagy, Buďte prvý, kto otaguje tento záznam!

MARC

LEADER 00000naa a2200000 4500
001 0302973
005 20240708085720.2
041 0 |a slo 
044 |a CZ 
245 1 0 |a Ceny elektriny a plynu opäť rastú  |c Ján Pišta 
520 |a Európske energetické trhy sú napäté a dramaticky reagujú na udalosti, ktoré ovplyvňujú ceny. Bombardovanie ukrajinskej energetickej infraštruktúry, napätie na Blízkom východe či nečakané výpadky v nórskej plynárenskej infraštruktúre, to všetko malo veľký vplyv na krátkodobé ceny. Bez takýchto vplyvov by sa ceny mali namiesto toho vyvíjať bokom. 
610 2 0 |a trh energetický 
610 2 0 |a plyn 
610 2 0 |a elektrina 
610 2 0 |a Ukrajina 
610 2 0 |a Európa 
100 1 |a Pišta, Ján